[Event "IECC P email"]
[Site "IECC email"]
[Date "2003.10.10"]
[Round "?"]
[White "Davies, Hywel"]
[Black "Mierzwa, Leszek"]
[Result "1-0"]
[WhiteElo "1115"]
[BlackElo "1170"]
[PlyCount "41"]
[EventDate "2003.??.??"]
[EventType "tourn (corr)"]
[EventRounds "6"]
[SourceTitle "Corr 2008"]
[Source "ChessBase"]
[SourceDate "2008.06.24"]
[SourceVersion "1"]
[SourceVersionDate "2008.06.24"]
[SourceQuality "1"]

1. Nf3 Nc6 2. g3 e5 3. d3 Bc5 4. Bg2 Nge7 5. 0-0 0-0 6. Nc3 f5 7. a3 a5 8. Nxe5 Bxf2+ 9. Rxf2 Nxe5 10. d4 Ng4 11. Rf3 d6 12. Qd3 b6 13. Bg5 h6 14. Bxe7 Qxe7 15. h3 Nf6 16. Re3 Ne4 17. Nxe4 fxe4 18. Bxe4 Qg5 19. h4 Qf6 20. Rf3 Qe7 21. Bxa8 1-0

[Event "IECC CL6-2002.22"]
[Site "IECC email"]
[Date "2002.07.17"]
[Round "?"]
[White "Van Gimst, Herman"]
[Black "Mierzwa, Leszek"]
[Result "0-1"]
[WhiteElo "1341"]
[BlackElo "1104"]
[PlyCount "78"]
[EventDate "2002.??.??"]
[EventType "tourn (corr)"]
[EventRounds "4"]
[SourceTitle "Corr 2008"]
[Source "ChessBase"]
[SourceDate "2008.06.24"]
[SourceVersion "1"]
[SourceVersionDate "2008.06.24"]
[SourceQuality "1"]

1. d4 d5 2. c4 e6 3. Nc3 c6 4. e3 Nf6 5. c5 Nbd7 6. Bd3 Be7 7. Nf3 0-0 8. 0-0 b6 9. b4 a5 10. Qa4 Bb7 11. b5 cxb5 12. Nxb5 bxc5 13. dxc5 Nxc5 14. Qd4 Ba6 15. Ba3 Nfd7 16. Be2 Bf6 17. Qg4 Bxa1 18. Rxa1 f5 19. Qg3 Ne4 20. Qh3 Rf6 21. Nfd4 Rh6 22. Qf3 Ne5 23. Qf4 Qf6 24. h3 Rh4 25. Qh2 Ng4 26. Qc7 Ngxf2 27. Qxa5 Nxh3+ 28. gxh3 Qg5+ 29. Kf1 Qxe3 30. Ke1 Rxh3 31. Kd1 Qg1+ 32. Kc2 Qxa1 33. Bb2 Rc8+ 34. Nc7 Rc3+ 35. Bxc3 Qxc3+ 36. Qxc3 Nxc3 37. Kxc3 Rxc7+ 38. Kd2 Bxe2 39. Kxe2 Kf7 0-1

[Event "IECC CL7-2000.55"]
[Site "IECC email"]
[Date "2000.12.01"]
[Round "?"]
[White "Mierzwa, Leszek"]
[Black "Howard, Will"]
[Result "1-0"]
[WhiteElo "1025"]
[BlackElo "1018"]
[PlyCount "55"]
[EventDate "2000.??.??"]
[EventType "tourn (corr)"]
[EventRounds "4"]
[SourceTitle "Corr 2008"]
[Source "ChessBase"]
[SourceDate "2008.06.24"]
[SourceVersion "1"]
[SourceVersionDate "2008.06.24"]
[SourceQuality "1"]

1. e4 e5 2. Nf3 Nc6 3. Bc4 Nf6 4. Ng5 d5 5. exd5 Nxd5 6. Qf3 Be6 7. Nc3 Nd4 8. Qe4 Qxg5 9. Bxd5 Bxd5 10. Nxd5 0-0-0 11. 0-0 c6 12. Ne3 g6 13. f4 exf4 14. Nc4 Bc5 15. Kh1 f5 16. Qe5 Be7 17. d3 Nxc2 18. Bxf4 Bf6 19. Qe6+ Rd7 20. Bxg5 Bxg5 21. Ne5 Nxa1 22. Qxd7+ Kb8 23. Rxa1 Bf6 24. Re1 a5 25. Qd6+ Ka7 26. Nd7 b6 27. Qc7+ Ka6 28. Qxb6# 1-0

[Event "IECC CL7-2000.55"]
[Site "IECC email"]
[Date "2000.12.01"]
[Round "?"]
[White "Mierzwa, Leszek"]
[Black "Mikovic, Lazar"]
[Result "1-0"]
[WhiteElo "1091"]
[BlackElo "1034"]
[PlyCount "157"]
[EventDate "2000.??.??"]
[EventType "tourn (corr)"]
[EventRounds "4"]
[SourceTitle "Corr 2008"]
[Source "ChessBase"]
[SourceDate "2008.06.24"]
[SourceVersion "1"]
[SourceVersionDate "2008.06.24"]
[SourceQuality "1"]

1. e4 e5 2. Nf3 Nc6 3. Nc3 Nf6 4. d4 exd4 5. Nxd4 Nxd4 6. Qxd4 d6 7. Bg5 Be7 8. 0-0-0 h6 9. Bh4 0-0 10. f4 Nd7 11. g3 Bxh4 12. gxh4 Re8 13. Rg1 Qf6 14. e5 dxe5 15. fxe5 Qxe5 16. Bc4 Qxd4 17. Rxd4 Nf6 18. Rf4 Kf8 19. Nd5 Nxd5 20. Bxd5 f6 21. Be4 Bd7 22. Bg6 Re2 23. Rd4 Be8 24. Rc4 c6 25. h5 Rxh2 26. Re4 Bxg6 27. hxg6 Re8 28. Rge1 Rxe4 29. Rxe4 Rg2 30. Ra4 a6 31. Rd4 Re2 32. Rd8+ Re8 33. Rd7 Re1+ 34. Kd2 Rg1 35. Rxb7 Rxg6 36. Rb6 h5 37. Rxc6 h4 38. Rc3 Rh6 39. Rh3 g5 40. Ke2 g4 41. Rh1 h3 42. Kf2 f5 43. Kg3 Kg7 44. c4 Rc6 45. b3 Kg6 46. Kf4 a5 47. Rd1 a4 48. Rd5 axb3 49. axb3 Rb6 50. Rd8 Rxb3 51. Rg8+ Kf7 52. Rh8 Rc3 53. Kxf5 Rxc4 54. Rh4 Kg7 55. Kg5 Kf8 56. Rh6 Ke7 57. Kh4 Re4 58. Kg3 Re6 59. Rh4 Rg6 60. Rh5 Kf6 61. Rc5 Rg5 62. Rc6+ Kf5 63. Rc5+ Kg6 64. Rc6+ Kh5 65. Rc4 Kh6 66. Rc6+ Kg7 67. Rc2 Rh5 68. Rh2 Rg5 69. Rc2 Kh6 70. Rc6+ Kh5 71. Rc4 Re5 72. Rc3 Re1 73. Rc5+ Kg6 74. Rc4 Rg1+ 75. Kh2 Rg2+ 76. Kh1 g3 77. Rc3 Rh2+ 78. Kg1 Kg5 79. Rxg3+ 1-0

[Event "IECC M email"]
[Site "IECC email"]
[Date "2000.11.05"]
[Round "?"]
[White "Mierzwa, Leszek"]
[Black "Christensen, Del"]
[Result "1-0"]
[WhiteElo "1060"]
[BlackElo "934"]
[PlyCount "29"]
[EventDate "2000.??.??"]
[EventType "tourn (corr)"]
[EventRounds "2"]
[SourceTitle "Corr 2008"]
[Source "ChessBase"]
[SourceDate "2008.06.24"]
[SourceVersion "1"]
[SourceVersionDate "2008.06.24"]
[SourceQuality "1"]

1. e4 e5 2. Nf3 Nc6 3. Bc4 Nf6 4. Nc3 Bc5 5. 0-0 0-0 6. d3 d6 7. Bg5 Be6 8. Nd5 Qd7 9. Bxf6 Bh3 10. gxh3 Qxh3 11. Kh1 Nd4 12. Rg1 Rfe8 13. Rxg7+ Kf8 14. Ng5 Qc8 15. Nxh7# 1-0

[Event "IECC CL7-2000.39"]
[Site "IECC email"]
[Date "2000.07.31"]
[Round "?"]
[White "Mierzwa, Leszek"]
[Black "Marshall, Derek"]
[Result "1-0"]
[WhiteElo "991"]
[BlackElo "809"]
[PlyCount "33"]
[EventDate "2000.??.??"]
[EventType "tourn (corr)"]
[EventRounds "4"]
[SourceTitle "Corr 2008"]
[Source "ChessBase"]
[SourceDate "2008.06.24"]
[SourceVersion "1"]
[SourceVersionDate "2008.06.24"]
[SourceQuality "1"]

1. e4 e5 2. Nf3 Nf6 3. Nxe5 Nxe4 4. Qe2 Nc5 5. Nc6+ Be7 6. Nxd8 Kxd8 7. d4 Ne6 8. d5 Nd4 9. Qe4 Bc5 10. Be3 Re8 11. Qh4+ Re7 12. Bd3 g6 13. 0-0 d6 14. Bg5 Nf5 15. Bxe7+ Nxe7 16. Re1 Kd7 17. Qxe7# 1-0

[Event "IECC CL7-2000.37"]
[Site "IECC email"]
[Date "2000.07.17"]
[Round "?"]
[White "Bienkowski, Alejandro"]
[Black "Mierzwa, Leszek"]
[Result "1/2-1/2"]
[WhiteElo "1157"]
[BlackElo "1070"]
[PlyCount "72"]
[EventDate "2000.??.??"]
[EventType "tourn (corr)"]
[EventRounds "4"]
[SourceTitle "Corr 2008"]
[Source "ChessBase"]
[SourceDate "2008.06.24"]
[SourceVersion "1"]
[SourceVersionDate "2008.06.24"]
[SourceQuality "1"]

1. e4 e5 2. Nf3 Nc6 3. d4 exd4 4. Nxd4 Nf6 5. Nxc6 bxc6 6. Bd3 d5 7. Nd2 Nxe4 8. Nxe4 dxe4 9. Bxe4 Qxd1+ 10. Kxd1 Bd7 11. Be3 f5 12. Bd3 Be7 13. Bc4 0-0-0 14. Bxa7 Be6+ 15. Bd3 c5 16. Ke2 Kb7 17. Bxc5 Bxc5 18. Rhe1 f4 19. Kf1 Bd5 20. Be4 h6 21. Bxd5+ Rxd5 22. Rad1 Rhd8 23. Rxd5 Rxd5 24. h4 Rd2 25. Re2 Rd6 26. Ke1 Rg6 27. f3 Ra6 28. a3 Rb6 29. b4 Bd6 30. c4 c5 31. b5 Ka7 32. Re6 Bc7 33. Re7 Kb7 34. Rxg7 Re6+ 35. Kd2 Re3 36. Rh7 Rxa3 1/2-1/2

[Event "IECC M email"]
[Site "IECC email"]
[Date "2000.05.11"]
[Round "?"]
[White "Ellis, Roscoe"]
[Black "Mierzwa, Leszek"]
[Result "0-1"]
[WhiteElo "975"]
[BlackElo "974"]
[PlyCount "36"]
[EventDate "2000.??.??"]
[EventType "tourn (corr)"]
[EventRounds "2"]
[SourceTitle "Corr 2008"]
[Source "ChessBase"]
[SourceDate "2008.06.24"]
[SourceVersion "1"]
[SourceVersionDate "2008.06.24"]
[SourceQuality "1"]

1. e4 e6 2. e5 d5 3. exd6 cxd6 4. Bb5+ Bd7 5. c4 Nf6 6. Nf3 Be7 7. 0-0 0-0 8. Nc3 a6 9. Ba4 d5 10. cxd5 exd5 11. d4 b5 12. Bc2 Nc6 13. Bg5 Bg4 14. Bxf6 Bxf6 15. Qd3 g6 16. h3 Bxf3 17. Qxf3 Nxd4 18. Bb3 Nxf3+ 0-1

[Event "IECC M email"]
[Site "IECC email"]
[Date "2000.05.11"]
[Round "?"]
[White "Tomov, Bostjan"]
[Black "Mierzwa, Leszek"]
[Result "1-0"]
[WhiteElo "1078"]
[BlackElo "988"]
[PlyCount "41"]
[EventDate "2000.??.??"]
[EventType "tourn (corr)"]
[EventRounds "2"]
[SourceTitle "Corr 2008"]
[Source "ChessBase"]
[SourceDate "2008.06.24"]
[SourceVersion "1"]
[SourceVersionDate "2008.06.24"]
[SourceQuality "1"]

1. e4 e5 2. Bc4 Nf6 3. Nf3 Nc6 4. 0-0 Nxe4 5. Qe1 d5 6. Bd3 Bf5 7. Nc3 Qf6 8. Nxd5 Qd6 9. Bxe4 Bxe4 10. Qxe4 0-0-0 11. Nc3 g6 12. d3 Bg7 13. Bg5 f6 14. Be3 f5 15. Qc4 f4 16. Bc5 Qd7 17. Rfc1 g5 18. Nxg5 Rdf8 19. Bxf8 Bxf8 20. Nf7 Nd4 21. Nxh8 1-0

[Event "IECC Trio 755 email"]
[Site "IECC email"]
[Date "1999.06.10"]
[Round "?"]
[White "Mierzwa, Leszek"]
[Black "Karlsson, Roger"]
[Result "0-1"]
[WhiteElo "1027"]
[BlackElo "973"]
[PlyCount "24"]
[EventDate "1999.??.??"]
[EventType "tourn (corr)"]
[EventRounds "4"]
[SourceTitle "Corr 2008"]
[Source "ChessBase"]
[SourceDate "2008.06.24"]
[SourceVersion "1"]
[SourceVersionDate "2008.06.24"]
[SourceQuality "1"]

1. e4 c5 2. Nf3 d6 3. Nc3 Nf6 4. d4 cxd4 5. Nxd4 g6 6. f3 Bg7 7. Be3 Nc6 8. Qd2 Nxd4 9. Bxd4 e5 10. Bxe5 dxe5 11. Qxd8+ Kxd8 12. 0-0-0+ Ke7 0-1

[Event "IECC Quad-538 email"]
[Site "IECC email"]
[Date "1998.05.09"]
[Round "?"]
[White "Alsadiq, Muneer"]
[Black "Mierzwa, Leszek"]
[Result "1-0"]
[WhiteElo "1041"]
[BlackElo "1057"]
[PlyCount "43"]
[EventDate "1998.??.??"]
[EventType "tourn (corr)"]
[EventRounds "6"]
[SourceTitle "Corr 2008"]
[Source "ChessBase"]
[SourceDate "2008.06.24"]
[SourceVersion "1"]
[SourceVersionDate "2008.06.24"]
[SourceQuality "1"]

1. e4 e5 2. Nf3 Nc6 3. Bc4 Nf6 4. d3 Bc5 5. 0-0 0-0 6. Nc3 d6 7. Bg5 h6 8. Bh4 a6 9. Nd5 g5 10. Nxg5 hxg5 11. Bxg5 Bg4 12. Nxf6+ Qxf6 13. Qxg4 Qg6 14. h4 Ne7 15. g3 d5 16. Bxd5 Nxd5 17. exd5 f6 18. Qe6+ Kh7 19. Be3 Rae8 20. Qd7+ Re7 21. Qh3 f5 22. Bxc5 1-0